| 000 | 01411nam a22003015i 4500 | ||
|---|---|---|---|
| 001 | 12349 | ||
| 003 | ES-MaACL | ||
| 005 | 20250902061610.0 | ||
| 007 | t| | ||
| 008 | 951213s1995 sp ||||0| spa j | ||
| 020 | _a84-451-0948-0 | ||
| 040 |
_aM-BN _bspa _cM-BN |
||
| 080 | _a334.71.025/.027:351.824(4-672 CE)(094.9) | ||
| 080 | _a334.71.025/.027:351.824(4-672 CE)(094.92) | ||
| 245 | 0 | 0 |
_aAyudas públicas a empresas _b: decisiones de la Comisión Europea, sentencias del Tribunal de Justicia : 1990-1994 / _c[coordinación, Jaime Hevia Ruiz ; autores, José Luis Bautista Cordero ... et al.]. |
| 260 |
_aMadrid : _bConsejería de Presidencia, Dirección General de Cooperación con el Estado y Asuntos Europeos, _cD.L. 1995. |
||
| 300 |
_a355 p ; _c24 cm. |
||
| 500 | _a"... actualización del libro del mismo título realizado en 1990 por Teresa Janini Tatay y Javier Calvo García ..."--V. port. | ||
| 650 | 1 | 4 |
_aEmpresas- _xAyudas comunitarias _912215 |
| 700 | 1 |
_aBautista Cordero, José Luis. _926622 |
|
| 700 | 1 |
_aHevia, Jaime. _963504 |
|
| 710 | 2 |
_aComisión de las Comunidades Europeas. _93020 |
|
| 710 | 2 |
_aTribunal de Justicia de las Comunidades Europeas. _96982 |
|
| 710 | 1 |
_aMadrid (Comunidad Autónoma). _bDirección General de Cooperación con el Estado y Asuntos Europeos. _95610 |
|
| 852 |
_aES-MaACL _jL-19695 _bR.124442 |
||
| 942 | _2udc | ||
| 999 |
_c12349 _d12349 |
||